| 000 | 00897nam0a22002771 4500 | ||
|---|---|---|---|
| 001 | rc\95084 | ||
| 005 | 20250620180545.0 | ||
| 010 |
_a5-289-01003-3 _970000 |
||
| 035 | _a(NLR Aleph) 005360209 | ||
| 090 |
_a6890177 _c6890177 |
||
| 100 | _a20021216d1991 |||y0rusy50 ca | ||
| 101 | 0 | _arus | |
| 102 | _aRU | ||
| 105 | _aa ||||||||| | ||
| 200 | 1 | _aПерсональный компьютер на вашем рабочем месте | |
| 210 |
_aЛ. _cЛениздат _d1991 |
||
| 215 |
_a285, [1] с. _cил. _d20 |
||
| 320 | _aБиблиогр.: с. 282-283 (21 назв.) | ||
| 320 | _aПредм. указ.: с. 277-281 | ||
| 700 | 1 |
_aКрайзмер _bЛ.П. _f1912- _gЛеонид Павлович |
|
| 701 | 1 |
_aКулик _bБ.А. _gБорис Александрович |
|
| 801 | 0 |
_aRU _bNLR _gpsbo |
|
| 801 | 1 |
_aRU _bELAR _2rusmarc |
|
| 852 |
_aNLR _j91-3/12304 |
||
| 942 | _cBOOK | ||
| 980 | _aNB | ||